Statistics for Birthstones by Month

Click here to take the quiz!

General Stats

  • This quiz has been taken 92 times
  • The average score is 9 of 12

Answer Stats

MonthBirthstone% Correct
AprilDiamond
89%
MayEmerald
84%
JulyRuby
82%
SeptemberSapphire
82%
JanuaryGarnet
77%
OctoberTourmaline; Opal
77%
NovemberTopaz; Citrine
76%
JuneAlexandrite;Pearl;Moonstone
74%
FebruaryAmethyst
74%
MarchAquamarine; Bloodstone
71%
DecemberTurquoise; Tanzanite; Zircon
69%
AugustPeridot; Sardonyx
66%

Score Distribution

Percentile by Number Answered

Percent of People with Each Score

Your Score History

You have not taken this quiz